000 00624nam a2200193 i 4500
001 25043
003 ES-MaACL
007 t|
008 021220s1953 sp ||||1| spa d
100 1 _aArabena Williams, Hermelo.
_922144
245 1 0 _aBlasones, duendes y damillas
_b: tradiciones hispano-chilenas y otros ensayos /
_cHermelo Arabena Williams.
260 _aMadrid :
_bAguilar,
_c1953 (
_fOgrama)
300 _aXIV, 261 p., 1 lám. ;
_c20 cm.
490 1 _aColección literaria
830 0 _aColección literaria (Aguilar)
_9236293
852 _aES-MaACL
_jC-6469
_bR.34869
942 _2udc
999 _c25043
_d25043